| 000 | 00534nam a22001697a 4500 | ||
|---|---|---|---|
| 003 | OSt | ||
| 005 | 20140311130134.0 | ||
| 008 | 130304t xxu||||| |||| 00| 0 eng d | ||
| 020 | _a0887306195 | ||
| 050 |
_aHF 5382.7 _b.M153 1993 |
||
| 082 |
_aM 650.14 _bM19 1993 |
||
| 245 |
_aSharkproof : _bget the job you want, keep the job you love... in today's frenzied job market _cMackay, Harvey B. |
||
| 260 |
_aNew York : _bHarperCollins Publishers, Inc., _cc1993. |
||
| 300 |
_axv, 339 p. _c24 cm. |
||
| 942 |
_2lcc _cBK _kM |
||
| 999 |
_c35452 _d35452 |
||